TV Show to City - Statistics

General Stats
  • This quiz has been taken 29 times
  • The average score is 16 of 30
Answer Stats
Hint Answer % Correct
It's Always Sunny in _________ Philadelphia
96%
Friends New York City
93%
The West Wing Washington D.C
86%
Breaking Bad Albuquerque
82%
Seinfield New York City
82%
Batman: The Animated Series Gotham City
75%
Sherlock London
75%
Baywatch Los Angeles
75%
The Penguin Gotham City
68%
Full House San Francisco
68%
Better Call Saul Albuquerque
64%
The Wire Baltimore
61%
Peaky Blinders Birmingham
54%
Narcos Medellin
54%
Ted Lasso London
50%
Dexter Miami
50%
House of Cards Washington D.C
50%
Big Bang Theory Los Angeles
46%
Impractical Jokers New York City
46%
Curb Your Enthusiasm Los Angeles
43%
Succession New York City
43%
Shameless Chicago
39%
Modern Family Los Angeles
39%
Money Heist Madrid
39%
Suits New York City
39%
Friday Night Lights Dillon
32%
Prison Break Chicago
25%
The Fresh Prince of Bel-Air Philadelphia
25%
Cable Girls Madrid
7%
Hannibal Baltimore
0%
No matching quizzes found
Score Distribution
Percent of People with Each Score
Percentile by Number Answered
Your Score History
You have not taken this quiz